MARC details
| 000 -CABECERA |
| campo de control de longitud fija |
01964nam a2200229 a 4500 |
| 001 - NÚMERO DE CONTROL |
| campo de control |
000046311 |
| 005 - FECHA Y HORA DE LA ÚLTIMA TRANSACCIÓN |
| campo de control |
20201002052759.0 |
| 008 - DATOS DE LONGITUD FIJA--INFORMACIÓN GENERAL |
| campo de control de longitud fija |
150723s1954 dr ac r 000 0 spa d |
| 040 ## - FUENTE DE LA CATALOGACIÓN |
| Centro catalogador/agencia de origen |
DO-SdBNP |
| Lengua de catalogación |
spa |
| Centro/agencia transcriptor |
BNPHU |
| 082 ## - NÚMERO DE LA CLASIFICACIÓN DECIMAL DEWEY |
| Número de clasificación |
927.81 |
| Número de documento/Ítem |
L951a |
| 100 1# - ENTRADA PRINCIPAL--NOMBRE DE PERSONA |
| Nombre de persona |
Lugo Lovatón, Ramón |
| 9 (RLIN) |
54077 |
| 245 10 - MENCIÓN DE TÍTULO |
| Título |
Ambito y rutas de José Reyes y de Emilio Prud'Homme con motivo del traslado de sus restos a la catedral / |
| Mención de responsabilidad, etc. |
Ramón Lugo Lovatón. |
| 260 ## - PUBLICACIÓN, DISTRIBUCIÓN, ETC. |
| Lugar de publicación, distribución, etc. |
Ciudad Trujillo, República Dominicana : |
| Nombre del editor, distribuidor, etc. |
Montalvo, |
| -- |
Secretaría de Estado de lo Interior, Policía y Comunicaciones, |
| Fecha de publicación, distribución, etc. |
1954. |
| 300 ## - DESCRIPCIÓN FÍSICA |
| Extensión |
55 p. : |
| Otras características físicas |
il., retrs. ; |
| Dimensiones |
24 cm. |
| 500 ## - NOTA GENERAL |
| Nota general |
Incluye referencias bibliográficas y notas al pie de las páginas |
| 505 0# - NOTA DE CONTENIDO CON FORMATO |
| Nota de contenido con formato |
Homenajes a nuestros próceres en la Era de Trujillo -- |
| Título |
Ambito y ruta de José Reyes -- |
| -- |
José Reyes se inspiró en la Marsellesa -- |
| -- |
Ambito y ruta de Emilio Prud'Homme -- |
| -- |
El himno de Reyes y de Prud'Homme -- |
| -- |
Inconformidades con la letra del Himno Nacional -- |
| -- |
Un editorial del Señor Félix María Nolasco y contestación de Prud'Homme -- |
| -- |
Un nuevo himno -- |
| -- |
Muerte y mausoleo de José Reyes -- |
| -- |
Ultimos años de Prud'Homme -- |
| -- |
Arreglo para canto y piano del Himno Nacional -- |
| -- |
Estrofas del Himno Nacional -- |
| -- |
El gobierno del generalísimo Trujillo rinde honores a Prud'Homme -- |
| -- |
Ley que le dió al Himno carácter oficial -- |
| -- |
Iniciativa para trasladar los reyes y de Prud'Homme a la capilla de los inmortales -- |
| -- |
Ley que dispuso el traslado de los retos -- |
| -- |
Discurso pronunciado por el señor Virgilio Alvarez Sánchez, secretario de E. de Interior, Policía y Comunicaciones -- |
| -- |
Actas naciones de la exhumación de los restos de reyes y de Prud'Homme. |
| 590 ## - NOTA LOCAL (RLIN) |
| Nota local |
Inventariado, 2019/BT |
| 600 14 - PUNTO DE ACCESO ADICIONAL DE MATERIA--NOMBRE DE PERSONA |
| Nombre de persona |
REYES, JOSÉ, |
| Fechas asociadas al nombre |
1835-1905 |
| 9 (RLIN) |
73630 |
| 600 14 - PUNTO DE ACCESO ADICIONAL DE MATERIA--NOMBRE DE PERSONA |
| Nombre de persona |
PRUD'HOMME, EMILIO, |
| Fechas asociadas al nombre |
1856-1932 |
| 9 (RLIN) |
73631 |
| 710 12 - PUNTO DE ACCESO ADICIONAL--NOMBRE DE ENTIDAD CORPORATIVA |
| Nombre de entidad corporativa o nombre de jurisdicción como elemento de entrada |
República Dominicana. |
| Unidad subordinada |
Secretaría de Estado de lo Interior, Policía y Comunicaciones. |
| 9 (RLIN) |
74329 |
| 910 ## - DATOS DE OPCIÓN DEL USUARIO (OCLC) |
| Datos de opción del usuario |
Validado. Control de calidad. MFF |